000 00413nam a2200157Ia 4500
008 220216s9999 xx 000 0 und d
100 _aMohd Amin I
245 0 _aAdded value supports the manufacturing of rubber wood furniture
260 _bDataniaga
_c1995
300 _a30-32
500 _aAGRIS CD 1995-1996
650 _aCommodity markets
650 _aMalaysia
650 _aWood industry
942 _cBO
999 _c47720
_d47720